000 00468nam a2200181Ia 4500
003 GCL
008 140319s9999 xx 000 0 eng d
020 _a0517077612
040 _aGCL /
_cGCL
082 0 4 _a759
_bM M
100 1 _aMONET, CLAUDE
245 1 0 _aMONET :
_bPAINTINGS /
_cMONET, CLAUDE
260 _aنيويورك :
_bWINGS BOOKS ،
_c1992
300 _a46 P
_bILL. ؛
_c15 cm.
650 0 4 _aMONET, CLAUDE
650 0 4 _aMONET PAINTINGS
942 _2ddc
_cBK
999 _c6089
_d6089